AS Monaco All-Time Starting XI - Statistics

General Stats
  • This quiz has been taken 63 times
  • The average score is 3 of 13
Answer Stats
Position Player % Correct
FW (2019- ) Wissam Ben Yedder
83%
12th player (1994-99) Thierry Henry
46%
DF (2002-06) Patrice Evra
35%
MF (1988-97) Emmanuel Petit
26%
MF (1969-82) Jean Petit
26%
DF (1990-96) Lilian Thuram
19%
MF (1990-95) Youri Djorkaeff
17%
FW (1973-80) Delio Onnis
15%
GK (1975-94) Jean-Luc Ettori
13%
MF (1979-96) Claude Puel
7%
DF (1980-89) Manuel Amoros
6%
DF (1961-72) Armand Forchério
0%
Coach (1958-63/77-79) Lucien Leduc
0%
No matching quizzes found
Score Distribution
Percent of People with Each Score
Percentile by Number Answered
Your Score History
You have not taken this quiz